[Event "European Online KO Final"]
[Site "chess.com INT"]
[Date "2020.05.31"]
[Round "2.3"]
[White "Meier, Georg"]
[Black "Movsesian, Sergei"]
[Result "0-1"]
[WhiteTitle "GM"]
[BlackTitle "GM"]
[WhiteElo "2621"]
[BlackElo "2649"]
[WhiteFideId "4675789"]
[BlackFideId "310204"]
[EventDate "2020.05.31"]

1. Nf3 d5 2. g3 c6 3. Bg2 Bg4 4. h3 Bh5 5. c4 e6 6. O-O Nf6 7. d3 Nbd7 8. cxd5
exd5 9. Nc3 Bxf3 10. Bxf3 d4 11. Ne4 Nxe4 12. dxe4 Bc5 13. Bg2 O-O 14. Kh2 Re8
15. Bd2 Bb6 16. b4 Kh8 17. Qb3 Qe7 18. f4 f6 19. a4 a6 20. h4 Rad8 21. Rad1 Nf8
22. Bc1 Ne6 23. e5 Nf8 24. b5 axb5 25. axb5 c5 26. e4 fxe5 27. fxe5 Qxe5 28. Rf7
Ng6 29. Bg5 Rc8 30. Qc4 Bc7 31. Rd3 b6 32. Rdf3 Bd8 33. R3f5 Qd6 34. e5 Nxe5 35.
Bf4 Bf6 36. Bxe5 Rxe5 37. Rf3 Rf8 38. Rb7 h6 39. Qd3 Qe6 40. Rf2 Re3 41. Qg6 d3
42. Bh3 Qe8 43. Qf5 Re2 44. Bg2 Rxf2 45. Qxf2 c4 46. Rc7 Qd8 47. Qf5 Qxc7 48.
Be4 Qxg3+ 49. Kxg3 Bxh4+ 50. Kxh4 Rxf5 51. Bxf5 g5+ 52. Kg4 Kg7 53. Kf3 Kf6 54.
Ke4 d2 55. Bg4 c3 56. Bd1 h5 57. Kd3 h4 58. Kxc3 h3 59. Kxd2 Kf5 60. Ke3 h2 61.
Bf3 Ke5 62. Bc6 g4 63. Kf2 Kd4 64. Kg2 g3 65. Kxg3 Kc5 0-1

[Event "European Online KO Final"]
[Site "chess.com INT"]
[Date "2020.05.31"]
[Round "2.1"]
[White "Sargissian, Gabriel"]
[Black "Keymer, Vincent"]
[Result "1/2-1/2"]
[WhiteTitle "GM"]
[BlackTitle "GM"]
[WhiteElo "2682"]
[BlackElo "2558"]
[WhiteFideId "13300881"]
[BlackFideId "12940690"]
[EventDate "2020.05.31"]

1. d4 Nf6 2. c4 e6 3. Nf3 d5 4. Nc3 c5 5. cxd5 Nxd5 6. e3 cxd4 7. exd4 Nxc3 8.
bxc3 Qc7 9. Bd2 Nd7 10. a4 Bd6 11. a5 O-O 12. Bd3 Nf6 13. O-O Bd7 14. Re1 b6 15.
c4 Bc6 16. Ne5 Bxe5 17. dxe5 Nd7 18. Qh5 g6 19. Qg5 Qd8 20. Qg3 Nc5 21. Ra3 Ne4
22. Bxe4 Qxd2 23. Qe3 Qxe3 24. Rexe3 Rac8 25. axb6 axb6 26. h4 Rfd8 27. Bxc6
Rxc6 28. Re4 Rdc8 1/2-1/2

[Event "European Online KO Final"]
[Site "chess.com INT"]
[Date "2020.05.31"]
[Round "2.2"]
[White "Keymer, Vincent"]
[Black "Sargissian, Gabriel"]
[Result "1/2-1/2"]
[WhiteTitle "GM"]
[BlackTitle "GM"]
[WhiteElo "2558"]
[BlackElo "2682"]
[WhiteFideId "12940690"]
[BlackFideId "13300881"]
[EventDate "2020.05.31"]

1. d4 Nf6 2. c4 e6 3. Nf3 d5 4. Nc3 Be7 5. Bf4 O-O 6. e3 Nbd7 7. a3 c5 8. cxd5
Nxd5 9. Nxd5 exd5 10. dxc5 Nxc5 11. Be5 Bf6 12. Bxf6 Qxf6 13. Qd4 Qxd4 14. Nxd4
Bd7 15. g3 Rac8 16. Bg2 Ne4 17. Ke2 Rc7 18. Rhc1 Rfc8 19. Rxc7 Rxc7 20. f3 Nd6
21. f4 Ne4 22. Bxe4 dxe4 23. Kd2 Kf8 24. Rc1 Rxc1 25. Kxc1 Ke7 26. Kd2 Kd6 27.
Ne2 Kc5 28. Kc3 Bb5 29. Nd4 Bd7 30. Nb3+ Kd5 31. Na5 b6 32. Nc4 f6 33. Nd2 h5
34. b3 Bb5 35. b4 1/2-1/2

[Event "European Online KO Final"]
[Site "chess.com INT"]
[Date "2020.05.31"]
[Round "2.3"]
[White "Sargissian, Gabriel"]
[Black "Keymer, Vincent"]
[Result "1-0"]
[WhiteTitle "GM"]
[BlackTitle "GM"]
[WhiteElo "2682"]
[BlackElo "2558"]
[WhiteFideId "13300881"]
[BlackFideId "12940690"]
[EventDate "2020.05.31"]

1. d4 Nf6 2. c4 e6 3. Nc3 d5 4. cxd5 Nxd5 5. e3 c5 6. Bd3 cxd4 7. exd4 g6 8. Nf3
Bg7 9. Bg5 Qb6 10. O-O O-O 11. Na4 Qd6 12. Rc1 Nc6 13. Be4 b6 14. Nc3 Nxc3 15.
bxc3 Bb7 16. c4 f5 17. Bxc6 Bxc6 18. Ne5 h6 19. Bf4 g5 20. c5 bxc5 21. Nxc6 Qxc6
22. Rxc5 Qd7 23. Be5 Rfc8 24. Qe2 Bf8 25. Rcc1 Rxc1 26. Rxc1 Rc8 27. Rb1 Qc6 28.
h3 Bg7 29. Qh5 Kh7 30. Bxg7 Kxg7 31. Qe2 Qd5 32. Rb5 Qxd4 33. Rb1 Qe4 34. Qxe4
fxe4 35. Rb7+ Kf6 36. Rxa7 Rc1+ 37. Kh2 Rc2 38. Kg3 Rc3+ 39. f3 exf3 40. gxf3 e5
41. Kf2 Kf5 42. Ra8 Rc2+ 43. Ke3 Rh2 44. a4 Rxh3 45. a5 g4 46. a6 Rxf3+ 47. Ke2
Ra3 48. a7 Ke4 49. Kf2 h5 50. Kg2 h4 51. Rg8 Ra2+ 52. Kh1 Rxa7 53. Rxg4+ Kf3 54.
Rxh4 e4 55. Rh3+ Kf2 56. Rh8 e3 57. Kh2 Ke2 58. Rf8 Rg7 59. Kh3 Rd7 60. Re8 Rd2
61. Rf8 Ke1 62. Kg3 Re2 63. Re8 Kd1 64. Rd8+ Ke1 65. Kf3 Rf2+ 66. Ke4 Re2 67.
Rd3 Rf2 68. Rb3 Re2 69. Kd3 Kf2 70. Ke4 Rd2 71. Rb4 Re2 72. Rc4 Ke1 73. Rc3 Kf2
74. Rd3 Re1 75. Rd4 Re2 76. Rd3 Rd2 77. Rxe3 Re2 78. Kf4 1-0

[Event "European Online KO Final"]
[Site "chess.com INT"]
[Date "2020.05.31"]
[Round "2.1"]
[White "Demchenko, Anton"]
[Black "Navara, David"]
[Result "0-1"]
[WhiteTitle "GM"]
[BlackTitle "GM"]
[WhiteElo "2641"]
[BlackElo "2719"]
[WhiteFideId "4160258"]
[BlackFideId "309095"]
[EventDate "2020.05.31"]

1. d4 Nf6 2. Nf3 e6 3. Bf4 c5 4. e3 Qb6 5. Na3 cxd4 6. Nb5 Nd5 7. Qxd4 Qxd4 8.
Nfxd4 Nxf4 9. exf4 Kd8 10. Nf3 f6 11. O-O-O Nc6 12. Nd6 Kc7 13. Nb5+ Kd8 14. Nd6
Bxd6 15. Rxd6 Kc7 16. Rd2 b6 17. Be2 Bb7 18. Rhd1 Rad8 19. c3 h6 20. h4 Rhe8 21.
g3 d5 22. h5 e5 23. fxe5 fxe5 24. Nh4 d4 25. Nf5 Bc8 26. Nh4 Be6 27. Kb1 dxc3
28. bxc3 Rf8 29. f3 Ne7 30. Kb2 Bf7 31. Bb5 Rxd2+ 32. Rxd2 Rd8 33. Rxd8 Kxd8 34.
g4 Kc7 35. Bd3 Bd5 36. a3 Kd6 37. Kc2 Be6 38. Kd2 Nd5 39. Bc4 Kc5 40. Ba2 Kd6
41. Bc4 Bd7 42. Bb3 Nf4 43. Ke3 a5 44. Ke4 Bc6+ 45. Ke3 Bd7 46. Ke4 a4 47. Ba2
Ne2 48. Nf5+ Bxf5+ 49. Kxf5 Nxc3 50. Bg8 b5 51. Kg6 b4 52. axb4 Nd5 53. b5 a3
54. b6 a2 55. b7 Kc7 56. Bxd5 a1=Q 57. Be4 Qc1 58. Kxg7 Qg5+ 59. Kf7 Qd8 60. Kg6
Qd6+ 61. Kg7 Kd7 62. g5 hxg5 63. h6 Ke7 64. h7 Qf6+ 65. Kg8 Qf8# 0-1

[Event "European Online KO Final"]
[Site "chess.com INT"]
[Date "2020.05.31"]
[Round "2.2"]
[White "Navara, David"]
[Black "Demchenko, Anton"]
[Result "1/2-1/2"]
[WhiteTitle "GM"]
[BlackTitle "GM"]
[WhiteElo "2719"]
[BlackElo "2641"]
[WhiteFideId "309095"]
[BlackFideId "4160258"]
[EventDate "2020.05.31"]

1. d4 Nf6 2. c4 d6 3. Nf3 Nc6 4. Nc3 e5 5. dxe5 dxe5 6. Qxd8+ Kxd8 7. Bg5 Be6 8.
e3 Kc8 9. O-O-O Nd7 10. Nd2 f6 11. Bh4 a5 12. Na4 Nc5 13. Nxc5 Bxc5 14. Ne4 Be7
15. f3 a4 16. Be1 f5 17. Nc3 Bc5 18. Bd2 Rd8 19. Be2 b6 20. Kb1 Kb7 21. Bc1 Re8
22. Rhf1 Bf8 23. g4 g6 24. gxf5 gxf5 25. Nd5 Na5 26. Bd2 c6 27. Nf6 Re7 28. Bxa5
Rxa5 29. Rd8 Ra8 30. Rfd1 Bh6 31. Rxa8 Kxa8 32. e4 Rf7 33. exf5 Bxf5+ 34. Ne4
Be3 35. Bd3 Bg6 36. Bc2 a3 37. Rd3 Bc5 38. Rd8+ Ka7 39. Nxc5 bxc5 40. Bxg6 hxg6
41. Rd3 axb2 42. Re3 Kb6 43. Kxb2 Rf4 44. Rxe5 Rxc4 45. Rg5 Rh4 46. Rxg6 Rxh2+
47. Kb3 Rf2 48. Rf6 c4+ 49. Kxc4 Rxa2 50. f4 Rc2+ 51. Kd3 Rf2 52. f5 1/2-1/2

[Event "European Online KO Final"]
[Site "chess.com INT"]
[Date "2020.05.31"]
[Round "3.1"]
[White "Movsesian, Sergei"]
[Black "Sarana, Alexey"]
[Result "1/2-1/2"]
[WhiteTitle "GM"]
[BlackTitle "GM"]
[WhiteElo "2649"]
[BlackElo "2654"]
[WhiteFideId "310204"]
[BlackFideId "24133795"]
[EventDate "2020.05.31"]

1. e4 c5 2. Nc3 d6 3. Nge2 Nf6 4. g3 g6 5. Bg2 Bg7 6. d3 Nc6 7. O-O O-O 8. Bg5
Qb6 9. Rb1 e6 10. Qd2 Re8 11. Bh6 Bh8 12. h3 Nd4 13. Nxd4 cxd4 14. Ne2 Bd7 15.
Kh2 Rac8 16. f4 Qc5 17. Rbc1 Bg7 18. Bxg7 Kxg7 19. g4 h5 20. g5 Ng8 21. Qe1 Ne7
22. Qf2 Nc6 23. a3 a5 24. h4 Qb6 25. b3 Qc5 26. Bh3 Kg8 27. a4 Nb4 28. Nxd4 Rc7
29. Kg2 Rec8 30. f5 exf5 31. exf5 Qd5+ 32. Kh2 Nxd3 33. cxd3 Rxc1 34. fxg6 Rxf1
35. Qxf1 Bxh3 36. Qxh3 Re8 37. gxf7+ Qxf7 38. Nf5 Re2+ 39. Kg1 Qe6 40. Qf3 Ra2
41. Kf1 Ra1+ 42. Kg2 Ra2+ 43. Kf1 d5 44. Nh6+ Kg7 45. Nf5+ Kg6 46. Ng3 Ra1+ 47.
Kg2 Ra2+ 48. Kf1 Qh3+ 49. Ke1 Ra1+ 50. Kd2 Qe6 51. Ne2 Ra2+ 52. Kd1 Qg4 53. Qf6+
Kh7 54. Qf7+ Kh8 55. Qf6+ Kg8 56. Qd8+ Kg7 57. Qe7+ Kg8 58. Qe8+ Kg7 59. Qe7+
Kg8 60. Qe8+ Kg7 61. Qe7+ 1/2-1/2

[Event "European Online KO Final"]
[Site "chess.com INT"]
[Date "2020.05.31"]
[Round "3.2"]
[White "Sarana, Alexey"]
[Black "Movsesian, Sergei"]
[Result "1/2-1/2"]
[WhiteTitle "GM"]
[BlackTitle "GM"]
[WhiteElo "2654"]
[BlackElo "2649"]
[WhiteFideId "24133795"]
[BlackFideId "310204"]
[EventDate "2020.05.31"]

1. d4 Nf6 2. c4 e6 3. Nf3 Bb4+ 4. Nbd2 a5 5. a3 Be7 6. e4 d5 7. e5 Nfd7 8. Bd3
c5 9. O-O Nc6 10. Re1 cxd4 11. cxd5 exd5 12. Nb3 Qb6 13. e6 fxe6 14. Nbxd4 Nc5
15. Bc2 O-O 16. Be3 Bd7 17. Nxc6 Bxc6 18. Ne5 Be8 19. Bd4 Qd6 20. Qg4 Bf6 21.
Rac1 Nd7 22. f4 Bf7 23. Bd3 Rac8 24. Rcd1 Qe7 25. Kh1 Nxe5 26. Bxe5 Bxe5 27.
Rxe5 Qf6 28. g3 Rc6 29. Kg2 Rfc8 30. Rde1 Rc1 31. Qe2 Rxe1 32. Qxe1 b6 33. Qe3
Rc6 34. h4 Bg6 35. Bxg6 hxg6 36. Qd3 Kf7 1/2-1/2

[Event "European Online KO Final"]
[Site "chess.com INT"]
[Date "2020.05.31"]
[Round "3.3"]
[White "Movsesian, Sergei"]
[Black "Sarana, Alexey"]
[Result "1/2-1/2"]
[WhiteTitle "GM"]
[BlackTitle "GM"]
[WhiteElo "2649"]
[BlackElo "2654"]
[WhiteFideId "310204"]
[BlackFideId "24133795"]
[EventDate "2020.05.31"]

1. e4 c5 2. Nc3 d6 3. Nge2 e5 4. g3 Nc6 5. Bg2 g6 6. d3 Bg7 7. O-O Nge7 8. f4
Nd4 9. h3 exf4 10. Bxf4 O-O 11. Qd2 Nxe2+ 12. Qxe2 Be6 13. Kh2 Nc6 14. Qd2 Ne5
15. Rf2 Qe7 16. Raf1 Rac8 17. Nd1 b5 18. Ne3 b4 19. g4 a5 20. Bg3 a4 21. Nf5
Bxf5 22. exf5 Bf6 23. Bd5 g5 24. Kg2 Kg7 25. Re2 h6 26. Rfe1 Rfe8 27. h4 gxh4
28. Bf4 Bg5 29. Bxe5+ dxe5 30. Qd1 Qf6 31. Re4 a3 32. bxa3 bxa3 33. Kh3 Rcd8 34.
Bc4 Bf4 35. Qf3 Rd4 36. Rb1 Re7 37. Rb5 Qd6 38. Ra5 Qb8 39. Ra6 Rd6 40. Rxa3 Qb1
41. Ra8 Qxc2 42. Re2 Qc1 43. g5 Bxg5 44. Qg2 e4 45. Rxe4 Rxe4 46. Qxe4 Qf1+ 47.
Kg4 Qd1+ 48. Kh3 Qf1+ 49. Qg2 Qxf5+ 50. Kh2 Qe5+ 51. Kh3 Rf6 52. Ra7 Qe3+ 53.
Kg4 Qf4+ 54. Kh5 Qf5 55. Qe4 h3 56. Bxf7 Qxe4 57. Bg6+ Kf8 58. Bxe4 h2 59. Ra8+
Ke7 60. Ra7+ Kd8 61. Ra8+ Ke7 62. Ra7+ Kd8 63. Ra5 Rf1 64. Rxc5 h1=Q+ 65. Bxh1
Rxh1+ 66. Kg6 Re1 67. Rd5+ Ke7 68. a4 Rf1 69. a5 Rf6+ 70. Kh5 Ra6 71. Rb5 Bd2
72. d4 Rxa5 73. Rxa5 Bxa5 74. Kxh6 Kd6 75. Kg5 Kd5 76. Kf5 Kxd4 1/2-1/2

[Event "European Online KO Final"]
[Site "chess.com INT"]
[Date "2020.05.31"]
[Round "3.1"]
[White "Navara, David"]
[Black "Sargissian, Gabriel"]
[Result "1-0"]
[WhiteTitle "GM"]
[BlackTitle "GM"]
[WhiteElo "2719"]
[BlackElo "2682"]
[WhiteFideId "309095"]
[BlackFideId "13300881"]
[EventDate "2020.05.31"]

1. d4 Nf6 2. c4 e6 3. Nf3 d5 4. g3 Bb4+ 5. Bd2 Be7 6. Bg2 O-O 7. O-O Nbd7 8. b3
c6 9. Nc3 b6 10. e4 Nxe4 11. Nxe4 dxe4 12. Ne5 Nxe5 13. dxe5 Qc7 14. Bxe4 Bb7
15. Bc3 c5 16. Qf3 Bxe4 17. Qxe4 Rad8 18. Rad1 Rd7 19. Kg2 Rfd8 20. Qf3 g6 21.
Rxd7 Qxd7 22. Rc1 h5 23. Rc2 Qd1 24. Qxd1 Rxd1 25. Rd2 Rxd2 26. Bxd2 g5 27. g4
Kh7 28. Kf3 Kg6 29. h3 Bf8 30. Ke4 hxg4 31. hxg4 Be7 32. Kd3 Kg7 33. Kc2 Kf8 34.
a3 a5 35. Be3 Ke8 36. Kd3 Kf8 37. b4 cxb4 38. axb4 Bxb4 39. Bxg5 Bc5 40. Be3
Bxe3 41. Kxe3 Ke7 42. f4 Kd7 43. Kd4 Kc6 44. f5 Kd7 45. f6 Ke8 46. c5 bxc5+ 47.
Kxc5 Kf8 48. Kb5 Kg8 49. Kxa5 Kh7 50. Kb6 Kg6 51. Kc7 Kg5 52. Kd7 Kxg4 53. Ke7
Kf5 54. Kxf7 1-0

[Event "European Online KO Final"]
[Site "chess.com INT"]
[Date "2020.05.31"]
[Round "3.2"]
[White "Sargissian, Gabriel"]
[Black "Navara, David"]
[Result "0-1"]
[WhiteTitle "GM"]
[BlackTitle "GM"]
[WhiteElo "2682"]
[BlackElo "2719"]
[WhiteFideId "13300881"]
[BlackFideId "309095"]
[EventDate "2020.05.31"]

1. d4 d5 2. c4 dxc4 3. e4 e5 4. Nf3 Bb4+ 5. Nbd2 c3 6. bxc3 Bxc3 7. Rb1 exd4 8.
Bc4 Nh6 9. O-O O-O 10. e5 Bf5 11. Rxb7 Nd7 12. Rb3 Nb6 13. Ba6 Be6 14. Ra3 Nf5
15. Ne4 Nc4 16. Nxc3 Nxa3 17. Bxa3 dxc3 18. Qc1 Nd4 19. Ng5 Re8 20. f4 h6 21.
Ne4 c2 22. Ng3 Rb8 23. Bb2 c5 24. f5 Nxf5 25. Nxf5 Bxf5 26. Rxf5 Rxb2 27. Qxb2
Qd4+ 28. Qxd4 c1=Q+ 0-1

[Event "European Online KO Final"]
[Site "chess.com INT"]
[Date "2020.05.31"]
[Round "4.1"]
[White "Sargissian, Gabriel"]
[Black "Movsesian, Sergei"]
[Result "1-0"]
[WhiteTitle "GM"]
[BlackTitle "GM"]
[WhiteElo "2682"]
[BlackElo "2649"]
[WhiteFideId "13300881"]
[BlackFideId "310204"]
[EventDate "2020.05.31"]

1. d4 Nf6 2. c4 e6 3. Nc3 Bb4 4. Bd2 O-O 5. e3 d5 6. Nf3 b6 7. cxd5 exd5 8. Rc1
a6 9. Bd3 Nbd7 10. O-O Bb7 11. Ne5 Be7 12. f4 c5 13. Qf3 Rc8 14. g4 cxd4 15.
exd4 Bb4 16. Nxd7 Nxd7 17. g5 Re8 18. Rce1 Nf8 19. Rxe8 Qxe8 20. Re1 Qd7 21. f5
Re8 22. Rxe8 Qxe8 23. a3 Bxc3 24. Bxc3 a5 25. Kf2 Bc6 26. Qe2 Qd7 27. Bd2 Qd6
28. Qe5 Qd7 29. Qe2 Qd6 30. Kg2 Ba4 31. Qe5 Qc6 32. Bf4 Bc2 33. Qb8 Bxd3 34. Bd6
h6 35. Qxf8+ Kh7 36. Be5 1-0

[Event "European Online KO Final"]
[Site "chess.com INT"]
[Date "2020.05.31"]
[Round "4.2"]
[White "Movsesian, Sergei"]
[Black "Sargissian, Gabriel"]
[Result "0-1"]
[WhiteTitle "GM"]
[BlackTitle "GM"]
[WhiteElo "2649"]
[BlackElo "2682"]
[WhiteFideId "310204"]
[BlackFideId "13300881"]
[EventDate "2020.05.31"]

1. e4 e5 2. Nf3 Nc6 3. g3 Nf6 4. d3 d5 5. exd5 Nxd5 6. Bg2 Nf6 7. O-O Bd6 8. Nc3
O-O 9. Re1 h6 10. h3 Re8 11. a3 Be6 12. Kh2 Qd7 13. Be3 Nd5 14. Bd2 Nxc3 15.
Bxc3 Bd5 16. b4 a6 17. Bb2 Rad8 18. c4 Be6 19. c5 Bf8 20. Nxe5 Nxe5 21. Bxe5 c6
22. d4 f6 23. Bf4 Qxd4 24. Qc2 Qc4 25. Qb2 Bd5 26. Bf1 Qb3 27. Qxb3 Bxb3 28. Bc7
Rc8 29. Bb6 Bd5 30. h4 Kf7 31. h5 f5 32. Bh3 Kf6 33. g4 Be6 34. f3 Bf7 35. Kg3
Rxe1 36. Rxe1 Re8 37. Rd1 Bd5 38. Kf4 Be7 39. Bc7 Kf7 40. Kxf5 Bg5 41. Rxd5 cxd5
42. f4 Bd8 43. Be5 Bf6 44. Bg2 Rd8 45. Bd6 d4 46. Bxb7 d3 47. Bxa6 d2 48. Bc4+
Ke8 49. Bb3 Be7 50. Ke6 Bxd6 51. cxd6 Rb8 52. f5 Rb5 53. g5 hxg5 54. h6 gxh6 55.
f6 Rb7 56. Bd1 Rh7 57. Bh5+ Kd8 58. f7 Rh8 59. b5 g4 60. b6 d1=Q 61. b7 Qb3+ 0-1